LEADER 01757oam 2200433Ia 450 001 9910696167603321 005 20070913162612.0 035 $a(CKB)5470000002375133 035 $a(OCoLC)72671289 035 $a(EXLCZ)995470000002375133 100 $a20061012d2006 ua 0 101 0 $aeng 135 $aurmn||||||||| 181 $ctxt$2rdacontent 182 $cc$2rdamedia 183 $acr$2rdacarrier 200 10$aEnvironmental aspects of produced-water salt releases in onshore and coastal petroleum-producing areas of the conterminous U.S. - a bibliography$b[electronic resource] /$fby James K. Otton 205 $aVersion 1.0. 210 1$aReston, Va. :$cU.S. Geological Survey,$d2006. 215 $a223 pages $cdigital, PDF file 225 1 $aOpen-file report ;$v2006-1154 300 $aTitle from PDF title screen (viewed on Oct. 11, 2006). 320 $aIncludes bibliographical references. 606 $aOil field brines$xEnvironmental aspects$zUnited States$vBibliography 606 $aSaline waters$xEnvironmental aspects$zUnited States$vBibliography 606 $aRadioactive substances$xEnvironmental aspects$zUnited States$vBibliography 608 $aBibliographies.$2lcgft 615 0$aOil field brines$xEnvironmental aspects 615 0$aSaline waters$xEnvironmental aspects 615 0$aRadioactive substances$xEnvironmental aspects 700 $aOtton$b James K$01384345 712 02$aGeological Survey (U.S.) 801 0$bGIS 801 1$bGIS 801 2$bGPO 906 $aBOOK 912 $a9910696167603321 996 $aEnvironmental aspects of produced-water salt releases in onshore and coastal petroleum-producing areas of the conterminous U.S. - a bibliography$93534584 997 $aUNINA LEADER 01165ojm 2200253z- 450 001 9910148893703321 005 20230905114811.0 010 $a0-00-744996-8 035 $a(CKB)3710000000923814 035 $a(BIP)034659498 035 $a(EXLCZ)993710000000923814 100 $a20231107c2011uuuu -u- - 101 0 $aeng 200 10$aAffliction 210 $cHarperCollins UK 330 8 $aA novel about the perfect pair - or are they?Annette and Spicer make a perfect pair: he thirty-nine, wide-shouldered, square-jawed, and often likened to Harrison Ford; she slight, fair, delicately featured, and sometimes likened to Meryl Streep. He with a son (Jason, eleven) from a previous marriage, she with a daughter (Susan, thirteen) from a ditto. He and she, after ten years, expecting their own baby. But on this, the first day of the rest of their blissful lives, Spicer fails to kiss Annette goodbye as he leaves for the office. 517 $aAffliction 676 $a823.9/14 700 $aWeldon$b Fay$f1933-2023$01434592 702 $aHodge$b Patricia$4oth 906 $aAUDIO 912 $a9910148893703321 996 $aAffliction$93589534 997 $aUNINA LEADER 01302nam 22004213 450 001 9910164100503321 005 20250913221353.0 010 $a1-78543-111-0 035 $a(CKB)3710000001056833 035 $a(MiAaPQ)EBC7196949 035 $a(Au-PeEL)EBL7196949 035 $a(OCoLC)1370497158 035 $a(ODN)ODN0000421908 035 $a(EXLCZ)993710000001056833 100 $a20230220d2015 uy 0 101 0 $aeng 135 $aurcnu|||||||| 181 $ctxt$2rdacontent 182 $cc$2rdamedia 183 $acr$2rdacarrier 200 14$aThe Old Front Line $e?The distant soul can shake the distant friend's soul and make the longing felt, over untold miles.? 210 $aTo be supplied $cProject Gutenberg$d2010 210 1$aLondon :$cCopyright Group,$d2015. 210 4$dİ2015. 215 $a1 online resource (32 pages) 300 $aTitle from eBook information screen.. 517 $aOld Front Line 606 $aSomme, 1st Battle of the, France, 1916 615 0$aSomme, 1st Battle of the, France, 1916. 676 $a940.45600000000002 700 $aMasefield$b John$0132333 801 0$bMiAaPQ 801 1$bMiAaPQ 801 2$bMiAaPQ 906 $aBOOK 912 $a9910164100503321 996 $aThe Old Front Line$93010412 997 $aUNINA